000 00556 a2200169 4500
999 _c3827
_d3827
020 _a04711133603
050 _aQA75.5BLI 1995
100 _aBlissmer, Robert H.
_eauthor
245 _aIntroducing computers :
_bconcepts, systems, and applications 1995-1996 /
_cRobert H Blissmer
264 _aNew York :
_bWiley,
_c♭1995.
300 _a322 pages : illustrations
500 _aIncludes index.
650 _aElectronic data processing.
650 _aComputers.
650 _aInformation storage and retrieval systems.
942 _2lcc
_cBK
_h75.5
_iBLI
_kQA